000 00328nam a22001337a 4500
008 181217b xxu||||| |||| 00| 0 eng d
020 _a0442288212
041 _aeng
080 _a721
100 _a41
101 _aNDE
245 _aEarth Sheltered housing design guidelines, examples, and references
_cVNR
942 _2udc
_cBK
999 _c53222
_d53222